000 00617nam a2200169 a 4500
001 000038291
005 20201002031222.0
008 130408s1997 dr 000 0 spa d
040 _aDO-SdBNP
_bspa
_cBNPHU
082 _axxxx
_bxxxx
100 1 _aMartínez, Nelson
_964658
245 1 0 _a¿Quienes son los evangélicos? ¿Quieres ser uno de ellos? /
_cNelson Novas Martínez ; prólogo Carlos Manuel Ventura Mota.
260 _aSanto Domingo :
_bLa Abeja,
_c1997.
300 _a110 p. ;
_c21 cm.
500 _aIncluye datos biográficos del autor en las solapas.
700 1 2 _aVentura Mota, Carlos Manuel,
_epról.
_964659
999 _c37781
_d37781